书目信息 |
| 题名: |
汽车检修实验指导
|
|
| 作者: | 贺展开 , 黄清伟 主编 | |
| 分册: | ||
| 出版信息: | 北京 机械工业出版社 2006.03 |
|
| 页数: | 204页 | |
| 开本: | 26cm | |
| 丛书名: | 零距离上岗实训指导丛书 | |
| 单 册: | ||
| 中图分类: | U472.4 | |
| 科图分类: | ||
| 主题词: | 汽车--qi che--检修--技术培训--教材 | |
| 电子资源: | ||
| ISBN: | 7-111-18562-5 | |
| 000 | 01009nam 2200253 450 | |
| 001 | 012006539986 | |
| 005 | 20060912163532.95 | |
| 010 | @a7-111-18562-5@dCNY24.00 | |
| 100 | @a20060622d2006 km y0chiy0120 ea | |
| 101 | 0 | @achi |
| 102 | @aCN@b110000 | |
| 105 | @aa z 000yy | |
| 200 | 1 | @a汽车检修实验指导@Aqi che jian xiu shi yan zhi dao@f贺展开, 黄清伟主编@Fhe zhan kai,huang qing wei zhu bian |
| 210 | @a北京@c机械工业出版社@d2006.03 | |
| 215 | @a204页@c图@d26cm | |
| 225 | 2 | @a零距离上岗实训指导丛书@Aling ju li shang gang shi xun zhi dao cong shu |
| 330 | @a本书包括发动机、底盘、电气和电控系统的主要检修实验项目指导,每一个项目都详细地介绍了实验课时、实验目的及要求、技术标准、实验器材及用具、实验注意事项以及实验的详细操作步骤。 | |
| 410 | 0 | @12001 @a零距离上岗实训指导丛书 |
| 606 | 0 | @a汽车@Aqi che@x检修@x技术培训@j教材 |
| 690 | @aU472.4@v4 | |
| 701 | 0 | @a贺展开@Ahe zhan kai@4主编 |
| 701 | 0 | @a黄清伟@Ahuang qing wei@4主编 |
| 801 | 0 | @aCN@bQSSK@c20060912 |
| 905 | @a10447@dU472.4@eH325 | |
| 汽车检修实验指导/贺展开, 黄清伟主编.-北京:机械工业出版社,2006.03 |
| 204页:图;26cm.-(零距离上岗实训指导丛书) |
| ISBN 7-111-18562-5:CNY24.00 |
| 本书包括发动机、底盘、电气和电控系统的主要检修实验项目指导,每一个项目都详细地介绍了实验课时、实验目的及要求、技术标准、实验器材及用具、实验注意事项以及实验的详细操作步骤。 |
| ● |
| 相关链接 |
|
|
|
正题名:汽车检修实验指导
索取号:U472.4/H325
 
预约/预借
| 序号 | 登录号 | 条形码 | 馆藏地/架位号 | 状态 | 备注 |
| 1 | 590692 | 205906929 | 自科库501/501自科库 57排3列3层/ [索取号:U472.4/H325] | 在馆 | |
| 2 | 590693 | 205906938 | 自科库501/501自科库 57排3列3层/ [索取号:U472.4/H325] | 在馆 | |
| 3 | 590694 | 205906947 | 自科库501/501自科库 57排3列3层/ [索取号:U472.4/H325] | 在馆 |